Нормален изглед
MARC изглед
- Василева, Красимира Николова
Вход 01. Лично име
001 - Контролен номер на записа
- Контролно поле: 479333
003 - Код на организацията, даваща контролен номер
- Контролно поле: BLK
005 - Дата и час на последна промяна на записа
- Контролно поле: 20240410131444.0
008 - Данни с фиксирана дължина – обща информация
- Данни с фиксирана дължина : 220815|| aca||aabn | a|a d
100 ## - ИМЕ НА ЛИЦЕ -ПЪРВИЧНА ИНТЕЛЕКТУАЛНА ОТГОВОРНОСТ
- Лично име: Василева, Красимира Николова
- Дати, свързани с автора: 1952-
- Друга информация: Поет, публицист, литературна критика. Журналист във вестник Утро (Дунавска правда)
942 ## - Системна служебна употреба
- Koha auth type: PERSO_NAME